UBT Library

Fluid & Electrolytes (Record no. 56082)

000 -LEADER
fixed length control field 00317nam a22001457a 4500
008 - FIXED-LENGTH DATA ELEMENTS--GENERAL INFORMATION
fixed length control field 210309b ||||| |||| 00| 0 eng d
020 ## - INTERNATIONAL STANDARD BOOK NUMBER
International Standard Book Number 9780838525463
041 ## - LANGUAGE CODE
Language code of text/sound track or separate title eng
080 ## - UNIVERSAL DECIMAL CLASSIFICATION NUMBER
Edition identifier 1st
Universal Decimal Classification number 616
082 ## - DEWEY DECIMAL CLASSIFICATION NUMBER
Classification number 616
100 ## - Rafti
Rafti 9
101 ## - Shkurtesa
Shkurtesa PATFIZ
245 ## - TITLE STATEMENT
Title Fluid & Electrolytes
Statement of responsibility, etc Cogan, M.G
942 ## - ADDED ENTRY ELEMENTS (KOHA)
Source of classification or shelving scheme
Item type Books
Holdings
Withdrawn status Lost status Source of classification or shelving scheme Damaged status Not for loan Collection code Permanent location Current location Shelving location Date acquired Total Checkouts Full call number Barcode Date last seen Price effective from Koha item type
          Koleksioni i përgjithshem UBT - Lipjan UBT - Lipjan Koleksioni i përgjithshem 03/09/2021   616 COG 002-7001173 03/09/2021 03/09/2021 Books
UBT Library © 2015-2024. All rights reserved University Education for Business and Technology